00000000nam##2200000za#4500
0019.588628
003CaOODSP
00520250403104937
007cr |||||||||||
008150406|1989||||xxc|||||o    f|0| 0 fre|d
040 |aCaOODSP|bfre
041 |aeng
041 |afre
043 |an-cn---
0861 |aCS93-118/1989-PDF
24500|aRevenu de la famille - familles économiques |h[ressource électronique]
2461 |aCaractéristiques de la population et des logements
260 |aOttawa - Ontario : |bStatistique Canada |c1989.
300 |a232p.|btableaux
4901 |aCaractéristiques de la population et des logements |v118
500 |aPublication du recensement historique numérisé par Statistique Canada.
590 |a13-12-Supp|b2013-05-10
69107|aRevenu familial|2gcpds
7102 |aStatistique Canada.
791 |tFamily income - economic families |eeng|w(CaOODSP)9.588627
830#0|aCaractéristiques de la population et des logements ;|v118|w(CaOODSP)9.500692
85640|ahttp://publications.gc.ca|qPDF|s13.0 Mo|uhttps://publications.gc.ca/collections/collection_2013/statcan/rh-hc/CS93-118-1989.pdf|y118